Online katalóg knižníc regiónu Turca

O chorom mravčekovi (Record no. 21515)

MARC details
000 -LEADER
fixed length control field 01647nam a2200469 a 4500
001 - CONTROL NUMBER
control field 21515
003 - CONTROL NUMBER IDENTIFIER
control field VRT
005 - DATE AND TIME OF LATEST TRANSACTION
control field 20260303144252.0
008 - FIXED-LENGTH DATA ELEMENTS--GENERAL INFORMATION
fixed length control field 200104s2011 xo a b 000 0 slo
015 ## - NATIONAL BIBLIOGRAPHY NUMBER
National bibliography number SNBA2012/02-01029
020 ## - INTERNATIONAL STANDARD BOOK NUMBER
International Standard Book Number 9788080895754
Qualifying information (viaz.)
035 ## - SYSTEM CONTROL NUMBER
System control number urn:nbn:sk:snk-am00cz9d
035 ## - SYSTEM CONTROL NUMBER
System control number urn:nbn:sk:snk-am3hg99
035 ## - SYSTEM CONTROL NUMBER
System control number F8627569-4187-4F11-BA71-0147F2DB83D6
039 #9 - LEVEL OF BIBLIOGRAPHIC CONTROL AND CODING DETAIL [OBSOLETE]
Level of rules in bibliographic description 202305011153
Level of effort used to assign nonsubject heading access points AUTHORITY
Level of effort used to assign subject headings 202305011135
Level of effort used to assign classification AUTHORITY
Level of effort used to assign subject headings 202305011119
Level of effort used to assign classification csnk01
Level of effort used to assign subject headings 202001041113
Level of effort used to assign classification VLOAD
040 ## - CATALOGING SOURCE
Original cataloging agency SNK
Language of cataloging slo
Transcribing agency SNK
Description conventions AACR2
041 1# - LANGUAGE CODE
Language code of text/sound track or separate title slo
Language code of original cze
044 ## - COUNTRY OF PUBLISHING/PRODUCING ENTITY CODE
MARC country code xo
ISO country code SK
072 #7 - SUBJECT CATEGORY CODE
Subject category code 821-93
Subject category code subdivision Literatúra pre deti a mládež (beletria)
Source konspekt
080 ## - UNIVERSAL DECIMAL CLASSIFICATION NUMBER
Universal Decimal Classification number 821-93
Edition identifier 2001
080 ## - UNIVERSAL DECIMAL CLASSIFICATION NUMBER
Universal Decimal Classification number (0.025.2)
Edition identifier 2001
100 1# - MAIN ENTRY--PERSONAL NAME
Personal name Kožíšek, Josef,
Dates associated with a name 1861-1933
Relationship aut
245 10 - TITLE STATEMENT
Title O chorom mravčekovi
Statement of responsibility, etc. Josef Kožíšek ; ilustrácie Ladislava Pechová
250 ## - EDITION STATEMENT
Edition statement [1.] slov. vyd.
260 ## - PUBLICATION, DISTRIBUTION, ETC.
Place of publication, distribution, etc. Bratislava
Name of publisher, distributor, etc. Fragment
Date of publication, distribution, etc. 2011
300 ## - PHYSICAL DESCRIPTION
Extent [12] s.
Other physical details fareb. ilustr.
Dimensions 15 x 22 cm
490 1# - SERIES STATEMENT
Series statement Čítanie pre radosť a poučenie
500 ## - GENERAL NOTE
General note Názov z obalu. Kartónové listy
521 1# - TARGET AUDIENCE NOTE
Target audience note Pre deti od 2 rokov
655 #7 - INDEX TERM--GENRE/FORM
Genre/form data or focus term leporelá
Source of term SNKPH
655 #7 - INDEX TERM--GENRE/FORM
Genre/form data or focus term české rozprávky
Source of term SNKPH
655 #7 - INDEX TERM--GENRE/FORM
Genre/form data or focus term Picture books for children
655 #7 - INDEX TERM--GENRE/FORM
Genre/form data or focus term Children’s literature
Source of term SNKPH
700 1# - ADDED ENTRY--PERSONAL NAME
Personal name Pechová, Ladislava
Relationship ill
830 #0 - SERIES ADDED ENTRY--UNIFORM TITLE
Uniform title Čítanie pre radosť a poučenie
942 ## - ADDED ENTRY ELEMENTS (KOHA)
Source of classification or shelving scheme Dewey Decimal Classification
Koha item type Krásna literatúra pre deti
Suppress in OPAC No
949 ## - LOCAL PROCESSING INFORMATION (OCLC)
6 17A0795849
a snkSE 12292
b snk2012/924
o 2876/11
s 6100:20170927
949 ## - LOCAL PROCESSING INFORMATION (OCLC)
6 17A0795851
a snkSE 12292 D1
b snk2012/925
o 2876/11
980 ## - EQUIVALENCE OR CROSS-REFERENCE-SERIES STATEMENT--PERSONAL NAME/TITLE [LOCAL, CANADA]
Personal name 087.5
980 ## - EQUIVALENCE OR CROSS-REFERENCE-SERIES STATEMENT--PERSONAL NAME/TITLE [LOCAL, CANADA]
Personal name (084)
Holdings
Stav vyradenia Strata Poškodenie Spôsob nadobudnutia Domovská knižnica Aktuálna knižnica Dátum nadobudnutia Total checkouts Čiarový kód exemplára Date last seen Typ exemplára
      Dar Obecná knižnica Horná Štubňa Obecná knižnica Horná Štubňa 03.03.2026   9788080895754 03.03.2026 Krásna literatúra pre deti
Projekt je podporený Slovenskou asociáciou knižníc
Prevádzkuje Turčianska knižnica Martin 2026